| 000 | 00000nam 2200000za 4500 |
| 001 | 9.639904 |
| 003 | CaOODSP |
| 005 | 20220328113318 |
| 007 | cr ||||||||||| |
| 008 | 150407s2002||||xxc||||#o f000 0 fre d |
| 040 | |aCaOODSP|bfre |
| 043 | |an-cn--- |
| 086 | 1 |aIu4-1/2002F-PDF |
| 110 | 1 |aCanada. |bIndustrie Canada. |
| 245 | 10|aLes chaires de recherche du Canada |h[ressource électronique] : |bla recherche à son meilleur. |
| 260 | |aOttawa - Ontario : |bIndustrie Canada |cc2002. |
| 300 | |a6p.|bphotographies |
| 500 | |aLe nº de catalogue (Iu4-1/2002) et l'ISBN (0-662-66560-0) de l'édition imprimée bilingue ont été incorrectement copiés dans cette édition électronique. |
| 590 | |a12-17-Supp|b2012-04-20 |
| 691 | 07|aChaire de recherche|2gcpds |
| 691 | 07|aProgramme fédéral|2gcpds |
| 710 | 2 |aChaires de recherche du Canada. |
| 775 | 08|tCanada Research Chairs : |w(CaOODSP)9.695784 |
| 776 | 0#|tCanada Research Chairs : |w(CaOODSP)9.663733 |
| 776 | 0#|tLes chaires de recherche du Canada : |w(CaOODSP)9.663734 |
| 856 | 40|ahttp://publications.gc.ca|qPDF|s382 Ko|uhttps://publications.gc.ca/collections/Collection/Iu4-1-2002F.pdf |